The Elements in the Medieval World : Interdisciplinary Perspectives: Earth /
The fourteen chapters of this volume reflect the centrality of the element Earth in medieval thought and life, a centrality inherited from classical antiquity, and fundamental too in Judaeo-Christian and Islamic traditions. The chapters also reflect the multifarious nature of the ways that Earth was...
مؤلفون آخرون: , ,
التنسيق: كتاب الكتروني
اللغة: English
منشور في:
Leiden ; Boston :
Brill,
2025.
سلاسل:
Elements, Nature, Environment ;
2.
Late Antiquity and Medieval Studies E-Books Online, Collection 2024.
الموضوعات:
الوصول للمادة أونلاين: Login to view Source
الوسوم: إضافة وسم
رقم الطلب: GB659.6
| LEADER | 02790nam a22005418i 4500 | ||
|---|---|---|---|
| 001 | BRILL9789004712430 | ||
| 003 | nllekb | ||
| 005 | 20250308131552.0 | ||
| 006 | m d | ||
| 007 | cr un uuuua | ||
| 008 | 240912s2025 gw sb 001 0 eng d | ||
| 010 | |a 2024040709 | ||
| 020 | |a 9789004712430 |q (electronic book) | ||
| 020 | |z 9789004706323 |q (print) | ||
| 024 | 7 | |a 10.1163/9789004712430 |2 DOI | |
| 035 | |z (OCoLC)1420865052 | ||
| 040 | |a NL-LeKB |c NL-LeKB |e rda | ||
| 041 | |a eng | ||
| 050 | 4 | |a GB659.6 | |
| 072 | 7 | |a HB |2 bicssc | |
| 072 | 7 | |a HIS |x 000000 |2 bisacsh | |
| 082 | 0 | 4 | |a 553.709/02 |2 23 |
| 245 | 1 | 4 | |a The Elements in the Medieval World : |b Interdisciplinary Perspectives: Earth / |c edited by Marilina Cesario, Hugh Magennis and Elisa Ramazzina. |
| 246 | 3 | |a Interdisciplinary Perspectives: Earth | |
| 264 | 1 | |a Leiden ; |a Boston : |b Brill, |c 2025. | |
| 264 | 4 | |c ©2025 | |
| 300 | |a 1 online resource (464 pages) : |b illustrations. | ||
| 336 | |a text |b txt |2 rdacontent | ||
| 337 | |a computer |b c |2 rdamedia | ||
| 338 | |a online resource |2 rdacarrier | ||
| 490 | 1 | |a Elements, Nature, Environment ; |v 2 | |
| 490 | 1 | |a Late Antiquity and Medieval Studies E-Books Online, Collection 2024 | |
| 504 | |a Includes bibliographical references and index. | ||
| 520 | |a The fourteen chapters of this volume reflect the centrality of the element Earth in medieval thought and life, a centrality inherited from classical antiquity, and fundamental too in Judaeo-Christian and Islamic traditions. The chapters also reflect the multifarious nature of the ways that Earth was experienced and understood in the Middle Ages. Contributors are Sophie E.D. Abrahams, Daniel Anlezark, Marilina Cesario, Catherine Clarke, James Davis, Stephen J. Davis, Virginia Iommi Echeverría, Andrew Fear, Danielle B. Joyner, Hugh Magennis, Francesco Marzella, Tom C.B. McLeish, Patrick Naeve, Bernard O'Donoghue, Alexandra Paddock, Elisa Ramazzina, Hannah E. Smithson, Sigbjørn O. Sønnesyn , Sinéad O'Sullivan, and Margaret Tedford. See Less | ||
| 546 | |a English | ||
| 588 | |a Description based on print version record. | ||
| 650 | 0 | |a Earth (Planet) | |
| 650 | 0 | |a Four elements (Philosophy) in literature. | |
| 650 | 0 | |a Philosophy, Medieval. | |
| 700 | 1 | |a Cesario, Marilina, |e editor. | |
| 700 | 1 | |a Magennis, Hugh, |e editor. | |
| 700 | 1 | |a Ramazzina, Elisa, |e editor. | |
| 776 | 0 | 8 | |i Print version: |t The Elements in the Medieval World : Interdisciplinary Perspectives: Earth. |d Leiden ; Boston : Brill, 2025. |z 9789004706323 |w (DLC) 2024040708 |
| 830 | 0 | |a Elements, Nature, Environment ; |v 2. | |
| 830 | 0 | |a Late Antiquity and Medieval Studies E-Books Online, Collection 2024. | |
| 856 | 4 | |z DOI: |u http://dx.doi.org/10.1163/9789004712430 | |
| 942 | |2 lcc |c EBOOK | ||
| 999 | |c 60358 |d 60358 | ||
